000 00528nam a2200193Ia 4500
003 OSt
005 20220926041222.0
006 a|||||r|||| 00| 0
007 ta
008 220923b |||||||| |||| 00| 0 eng d
037 _cGeneral Book
040 _aRTL
_cRTL
_beng
041 _2eng
_aeng
082 _aY:4:5.73, K0
100 _aStein Maurice R
_9344661
245 0 _aEclipse of community
_b An interpretation of Americ
942 _hY:4:5.73, K0
_cGB
_2CC
999 _c666671
_d666671